Cereal crops / (Record no. 615680)

000 -LEADER
fixed length control field 01333cam a2200385 i 4500
001 - CONTROL NUMBER
control field 22807233
005 - DATE AND TIME OF LATEST TRANSACTION
control field 20251223130302.0
006 - FIXED-LENGTH DATA ELEMENTS--ADDITIONAL MATERIAL CHARACTERISTICS
fixed length control field m |o d |
007 - PHYSICAL DESCRIPTION FIXED FIELD--GENERAL INFORMATION
fixed length control field cr_|||||||||||
008 - FIXED-LENGTH DATA ELEMENTS--GENERAL INFORMATION
fixed length control field 220816s2023 enk ob 001 0 eng
010 ## - LIBRARY OF CONGRESS CONTROL NUMBER
LC control number 2022036542
020 ## - INTERNATIONAL STANDARD BOOK NUMBER
International Standard Book Number 9781003250845
Qualifying information (ebk)
020 ## - INTERNATIONAL STANDARD BOOK NUMBER
Canceled/invalid ISBN 9781032164496
Qualifying information (hbk)
020 ## - INTERNATIONAL STANDARD BOOK NUMBER
Canceled/invalid ISBN 9781032168968
Qualifying information (pbk)
035 ## - SYSTEM CONTROL NUMBER
System control number 22807233
040 ## - CATALOGING SOURCE
Original cataloging agency DLC
Language of cataloging eng
Transcribing agency DLC
Description conventions rda
Modifying agency DLC
042 ## - AUTHENTICATION CODE
Authentication code pcc
050 00 - LIBRARY OF CONGRESS CALL NUMBER
Classification number SB189
082 00 - DEWEY DECIMAL CLASSIFICATION NUMBER
Classification number 631.52
Edition number 23/eng/20220928
245 00 - TITLE STATEMENT
Title Cereal crops /
Statement of responsibility, etc. edited by Tariq Shah.
250 ## - EDITION STATEMENT
Edition statement First edition.
264 #1 - PRODUCTION, PUBLICATION, DISTRIBUTION, MANUFACTURE, AND COPYRIGHT NOTICE
Place of production, publication, distribution, manufacture Abingdon, Oxon ;
-- Boca Raton, FL :
Name of producer, publisher, distributor, manufacturer CRC Press,
Date of production, publication, distribution, manufacture, or copyright notice 2023.
300 ## - PHYSICAL DESCRIPTION
Extent 1 online resource.
336 ## - CONTENT TYPE
Content type term text
Content type code txt
Source rdacontent
337 ## - MEDIA TYPE
Media type term computer
Media type code c
Source rdamedia
338 ## - CARRIER TYPE
Carrier type term online resource
Carrier type code cr
Source rdacarrier
504 ## - BIBLIOGRAPHY, ETC. NOTE
Bibliography, etc. note Includes bibliographical references and index.
588 ## - SOURCE OF DESCRIPTION NOTE
Source of description note Description based on print version record.
650 #0 - SUBJECT ADDED ENTRY--TOPICAL TERM
Topical term or geographic name entry element Grain.
9 (RLIN) 132542
700 1# - ADDED ENTRY--PERSONAL NAME
Personal name Shah, Tariq
Titles and other words associated with a name (Researcher of Agriculture),
Relator term editor.
9 (RLIN) 132543
776 08 - ADDITIONAL PHYSICAL FORM ENTRY
Relationship information Print version:
Title Cereal crops
Edition First edition.
Place, publisher, and date of publication Abingdon, Oxon ; Boca Raton, FL : CRC Press, 2023
International Standard Book Number 9781032164496
Record control number (DLC) 2022036541
906 ## - LOCAL DATA ELEMENT F, LDF (RLIN)
a 7
b cbc
c orignew
d 1
e ecip
f 20
g y-gencatlg
942 ## - ADDED ENTRY ELEMENTS (KOHA)
Source of classification or shelving scheme
Koha item type Book
Call number suffix 631.52 CER 2023 3526
Holdings
Withdrawn status Lost status Source of classification or shelving scheme Damaged status Not for loan Permanent Location Current Location Date acquired Source of acquisition Total Checkouts Full call number Barcode Date last seen Price effective from Koha item type
          Atta-ur-Rahman School of Applied Biosciences (ASAB) Atta-ur-Rahman School of Applied Biosciences (ASAB) 12/23/2025 Donation   631.52 CER 2023 3526 ASAB3526 12/23/2025 12/23/2025 Book
© 2023 Central Library, National University of Sciences and Technology. All Rights Reserved.